LIBRARY ONLINE CATALOGUE

Accounting : (Record no. 7900)

MARC details
000 -LEADER
fixed length control field 00612nam a22002052 4500
001 - CONTROL NUMBER
control field 0000009400
005 - DATE AND TIME OF LATEST TRANSACTION
control field 20151217152054.0
008 - FIXED-LENGTH DATA ELEMENTS--GENERAL INFORMATION
fixed length control field 081015s xx 000 0 eng d
020 ## - INTERNATIONAL STANDARD BOOK NUMBER
International Standard Book Number 0176166394 :
Terms of availability KES 400
040 ## - CATALOGING SOURCE
Original cataloging agency KABU
Transcribing agency KABU
245 10 - TITLE STATEMENT
Title Accounting :
Remainder of title volume 3 management accounting /
Statement of responsibility, etc. Carl S. Warren ...[et al.]
250 ## - EDITION STATEMENT
Edition statement Canadian ed.
260 ## - PUBLICATION, DISTRIBUTION, ETC. (IMPRINT)
Place of publication, distribution, etc. Toronto :
Name of publisher, distributor, etc. ITP Nelson,
Date of publication, distribution, etc. 1999.
300 ## - PHYSICAL DESCRIPTION
Extent xiii, [439] p.
650 #0 - SUBJECT ADDED ENTRY--TOPICAL TERM
Topical term or geographic name as entry element Accounting.
-- 0000148321
700 1# - ADDED ENTRY--PERSONAL NAME
Personal name Warren, Carl S.
-- 0000160705
908 ## - PUT COMMAND PARAMETER (RLIN)
Put command parameter 081015
950 ## - LOCAL HOLDINGS (RLIN)
-- 1
Holdings
Withdrawn status Lost status Source of classification or shelving scheme Not for loan Home library Current library Date acquired Total Checkouts Full call number Barcode Date last seen Price effective from Koha item type
    Library of Congress Classification   Kabarak, Main Campus Kabarak, Main Campus 17/12/2015   HF5635 .W37 1999 v.3 c. 1 009099 17/12/2015 17/12/2015 General Collection